000 00513cam a2200217 4500
001 D4022
008 090401t1967 xxu||||| |||| 00| 0 eng d
035 _a(Sirsi) u76187
041 _aeng
050 _a336.21026
100 _aBailey, C Douglas et al
245 4 _aThe General Rate
250 _a3rd ed.
260 _aLondon
_bRating & Valuation Association
_c1967
300 _axxx. 363p. 22cm
350 _a3.15
650 _aRATING
650 _aLOCAL TAXATION
942 _n0
948 _c04/03/1997
999 _c96128
_d96128